A commentary on Leviticus (Record no. 6708)

MARC details
000 -LEADER
fixed length control field 00936cam a22002891 4500
001 - CONTROL NUMBER
control field 6613216
003 - CONTROL NUMBER IDENTIFIER
control field GBCCL
005 - DATE AND TIME OF LATEST TRANSACTION
control field 20241126110609.0
008 - FIXED-LENGTH DATA ELEMENTS--GENERAL INFORMATION
fixed length control field 750321s1966 xx 000 0 eng
010 ## -
-- 67107955
020 ## - INTERNATIONAL STANDARD BOOK NUMBER
International Standard Book Number 0851510868
035 ## - SYSTEM CONTROL NUMBER
System control number (OCoLC)1229134
040 ## - CATALOGING SOURCE
Original cataloging agency DLC
Transcribing agency OCanM
Modifying agency OCoLC
-- DLC
042 ## -
-- premarc
050 00 -
-- BS1255
-- .B6 1966
082 ## - DEWEY DECIMAL CLASSIFICATION NUMBER
Classification number 220.77
-- 222.13077
Item number GEN
100 1# - MAIN ENTRY--PERSONAL NAME
Personal name Bonar, Andrew A.
Fuller form of name (Andrew Alexander),
Dates associated with a name 1810-1892.
9 (RLIN) 11989
245 12 - TITLE STATEMENT
Title A commentary on Leviticus
Statement of responsibility, etc. [by] Andrew A. Bonar.
260 ## - PUBLICATION, DISTRIBUTION, ETC.
Place of publication, distribution, etc. London,
Name of publisher, distributor, etc. Banner of Truth Trust,
Date of publication, distribution, etc. 1966.
300 ## - PHYSICAL DESCRIPTION
Extent vii, 528 p.
Dimensions 22 cm.
490 0# - SERIES STATEMENT
Series statement A Geneva series commentary
500 ## - GENERAL NOTE
General note "First Banner of Truth Trust edition reprinted from the fifth edition."
504 ## - BIBLIOGRAPHY, ETC. NOTE
Bibliography, etc. note Bibliographical footnotes.
630 00 - SUBJECT ADDED ENTRY--UNIFORM TITLE
Uniform title Bible.
Name of part/section of a work Leviticus
General subdivision Commentaries.
9 (RLIN) 10315
906 ## - LOCAL DATA ELEMENT F, LDF (RLIN)
a 7
b cbc
c oclcrpl
d u
e ncip
f 19
g y-gencatlg
942 ## - ADDED ENTRY ELEMENTS (KOHA)
Source of classification or shelving scheme Dewey Decimal Classification
Koha item type Reference Books
Holdings
Withdrawn status Lost status Source of classification or shelving scheme Damaged status Not for loan Home library Current Library Shelving location Date acquired Total checkouts Full call number Barcode Date last seen Copy number Price effective from Koha item type
    Dewey Decimal Classification     GRACE BIBLE COLLEGE GRACE BIBLE COLLEGE Commentary 2018-05-25   220.77 GEN 001851 2025-05-01 c.1 2018-05-25 Reference Books
© Grace Bible College Library 2025